MDQL
is popping MORE tags! Check the
thread
!
Quizzes
Events
Quiz Creation
Community
Videos
Private Events
Remove Ads
Sign In
Join for FREE
Feedback
Dark Mode
Quiz Categories
Sports
Geography
Music
Movies
Television
Just For Fun
Miscellaneous
History
Literature
Language
Science
Gaming
Entertainment
Religion
Holiday
For Kids
Quiz Lab
Recent
Popular Today
Quiz Kudos Today
Editor Picks
Curator Picks
Quizzes by...
Day
Popularity
Type
Ratings
Length
Year
Community
Subscriptions
Recent Discussions
Orange Saloon
Badges
Playlists
Quests
Create
Leaderboards
Showdown
Live 5
Trivia Bingo
Activity
Puzzle Library
Sporcle Events
Private Events
Virtual Trivia
Globe League
Become a Host
Pub Owners
SporcleCon
Opinionation
Our Games
Videos
Blog
Mobile Apps
Partnerships
Remove Ads and Go Orange
Feedback
Music
Pop Music
The Beatles
Song
Album
Lyrics
Bands
Singers
Artist
Clip
Rock
Rap
Classical
Billboard
Country Music
Kpop
Taylor Swift
Music
Pop Music
The Beatles
Song
Album
Lyrics
Bands
Singers
Artist
Clip
Rock
Rap
Classical
Billboard
Country Music
Kpop
Taylor Swift
Random Quiz
Search Sporcle
×
Quiz Lab
Quiz Lab
Music
Lyrics
Type in answers that appear in a list
Type in answers that appear in a list
Classic
Best Score? Go Orange.
Guess the Led Zeppelin Lyrics Stats
Can you name the lyrics of this Led Zeppelin song?
By
BrianRecca
12m
195 Questions
410 Plays
410 Plays
410 Plays
Comments
Comments
Give Quiz Kudos
Give Quiz Kudos
-
- Ratings
hide this ad
Replay
Link that replays current quiz
Next Quiz
Link to next quiz in quiz playlist
You Got
0%
They Got
Avg Score
43%
Avg Friend Score
Upgrade to see
Score Distribution
Jump to the score distribution portion of the page
Score
0/195
Timer
12:00
0
Plays Today
% Correct
the
92.2%
the
92.2%
the
92.2%
the
92.2%
the
92.2%
the
92.2%
the
92.2%
the
92.2%
the
92.2%
The
92.2%
the
92.2%
you
90.5%
you
90.5%
you
90.5%
you
90.5%
you
90.5%
An'
85.1%
an'
85.1%
go
77.3%
and
77.3%
And
77.3%
And
77.3%
be
76.6%
be
76.6%
be
76.6%
to
76.3%
to
76.3%
to
76.3%
to
76.3%
to
76.3%
to
76.3%
me
74.9%
me
74.9%
me
74.9%
me
74.9%
it
72.2%
it
72.2%
it
72.2%
it
72.2%
it
72.2%
in
72%
In
72%
in
72%
in
72%
of
70.7%
of
70.7%
of
70.7%
of
70.7%
of
70.7%
of
70.7%
of
70.7%
love
69.8%
On
68.5%
on
68.5%
on
68.5%
We
67.8%
so
65.9%
is
65.1%
your
64.6%
your
64.6%
your
64.6%
my
63.2%
my
63.2%
baby
60%
was
54.1%
% Correct
was
54.1%
will
53.7%
I'm
53.7%
time
52%
time
52%
Oh
48.8%
Oh
48.8%
Then
47.8%
then
47.8%
how
46.8%
way
46.6%
are
46.6%
way
46.6%
have
45.9%
have
45.9%
have
45.9%
it's
44.9%
as
44.1%
as
44.1%
gonna
43.2%
gonna
43.2%
leave
42.7%
leave
42.7%
Never
42%
never
42%
never
42%
But
40.7%
See
40.2%
see
40.2%
got
39%
ever
37.6%
gone
36.8%
gone
36.8%
gone
36.8%
with
36.6%
with
36.6%
always
35.9%
again
34.9%
I
33.4%
I
33.4%
I
33.4%
would
33.2%
one
32.9%
think
32.7%
just
32.7%
our
32.2%
down
31.5%
though
31.2%
Did
30.7%
'em
30.7%
used
30.5%
used
30.5%
sea
30%
years
29.5%
years
29.5%
years
29.5%
may
29.3%
I'd
29.3%
feel
29%
feel
29%
that's
28%
need
28%
need
28%
face
27.8%
ten
27.3%
% Correct
Ten
27.3%
ten
27.3%
change
25.1%
sometimes
25.1%
sometimes
25.1%
sometimes
25.1%
Rivers
24.6%
reach
24.4%
bad
23.4%
knew
22.9%
course
22.4%
darlin'
22.4%
darlin'
22.4%
far
22%
first
22%
makes
21.5%
makes
21.5%
really
21%
really
21%
eyes
20.2%
maybe
18.3%
somebody
18%
thought
18%
didn't
17.8%
eagle
17.8%
Didn't
17.8%
wings
17.1%
leaves
17.1%
each
16.6%
nest
16.6%
nest
16.6%
nest
16.6%
alright
16.1%
Kind
15.6%
Kind
15.6%
soul
15.6%
fortune
14.4%
'Cause
14.4%
dreams
14.1%
midst
13.9%
birds
13.2%
fill
12.9%
grow
12.4%
grow
12.4%
prey
12.2%
Holdin'
12%
holdin'
12%
great
11.7%
Blind
11%
Changes
10.7%
Through
10.7%
eagles
10%
surprise
9.5%
stars
9.3%
along
8.3%
sparkle
7.6%
feathers
5.9%
several
4.9%
rays
4.9%
Senses
4.9%
Vixen
4.6%
keen
4.4%
preen
4.1%
Taste
3.9%
growing
3.7%
Quiz Playlist
Details
Report
Send in Message
Add To Playlist
Classic:
Type in answers that appear in a list
Quiz Source
Last Updated: Feb 16, 2017
Quiz Scoreboard
CHALLENGE
Sign Up to Join the Scoreboard
Show All
Scores
Hide
Comments
May contain spoilers
Recently Published
Street Fighter Characters
by Artimus82
Gaming
60s
9x9 Crossword: Cartoon Network
by jackfrog10
Miscellaneous
3m
College Basketball Coaching Resumes
by pancakes188
Sports
9m
More to Explore
Quiz From the Vault
Featured Blog Post
Where Did the Easter Bunny Come From?
hide this ad
You Might Also Like...
Tags
Lyrics Quiz
Led Zeppelin
Today's Top Quizzes in Music
Browse Music
hide this ad
Today's Top Quizzes in Lyrics
Browse Lyrics
Top Contributed Quizzes in Music
1
Taylor Swift All Songs (2024)
2
Taylor Swift Logic Puzzle
3
Guess the Artist- 70s Songs
4
7-to-1: Billboard Hot 100 #1 Hits of 2010s
5
Sorting Albums and Songs
6
KPOP LOGIC QUIZ
7
Guess the Taylor Swift song (Mystery Song)
8
Guess The Taylor Swift Lyrics Song #1
9
Billboard Blitz: ABBA
10
Billboard Blitz: The Beatles
Explore More
Trending Topics
Marvel
Kpop
NBA
Crossword
Anime
Harry Potter
Disney
Pokémon
Soccer
Puzzle
Country
Song
NFL
WWE
The Office
hide this ad
More By:
BrianRecca
Quiz
Plays
Rating
Category
Featured
Created
The Sopranos: Who Whacked Who Game
5,506
4.46
Television
Feb 7, 2012
Guess the Led Zeppelin Lyrics
410
4.00
Music
Jan 2, 2013
MLB All-Time Starting Lineups- NL
251
2.67
Sports
Jan 1, 2013
MLB All-Time Starting Lineups- AL
246
1.25
Sports
Jan 1, 2013
NY/SF Giants by Nickname
184
4.00
Sports
Dec 10, 2012
Go to Creator's Profile
Score Distribution
Quiz Creator Spotlight
BrianRecca
Follow
Send a Message
Quizzes Created
-
Created Quiz Play Count
-
More By This Creator
Popular Quizzes Today
1
Find the US States - No Outlines Minefield
2
Find the Countries of Europe - No Outlines Minefield
3
The Countries of the World
4
Find the US States
5
Risky Map Clicking: Biggest States A-Z
6
US States
7
Popular People in 1961
8
Movies - When Are They Set?
More Music Quizzes
Picture This: Beatles & Stones
Curator's Pick
Trending Quizzes
Risky Map Clicking: Least Populous States A-Z
Countries of the World: 200 Million BC
1-10 Letter G Words
Risky Map Clicking: Next State Alphabetically
Adjectives in 80s TV Shows
Recently Updated
Leaping Animals
pecheneg
Reality TV Shows (A-Z)
bhenderson79
Rickey Henderson's Hall of Fame Teammates
pecheneg
Champions League XIs: Arsenal
pecheneg
Quick Pick: Celebrities in WWE's Hall of Fame
aduchscher
A-Z Keypad Blitz II
pecheneg
Multiple Oscar Actors
pecheneg
Mystery Phrase Blitz: Oscar 'Best Actors'
pecheneg
F. Scott Fitzgerald Novels
LTH
Pick 3 Villains
ddd62291
Trending Topics
Harry Potter
Disney
NBA
Kpop
Crossword
Anime
Marvel
Puzzle
NFL
WWE
Country
Soccer
The Office
Song
Pokémon
Your Account Isn't Verified!
In order to create a playlist on Sporcle, you need to verify the email address you used during registration. Go to your
Sporcle Settings
to finish the process.
Report this User
Report this user for behavior that violates our
Community Guidelines
.
Details:
Send Report
Go to the Sporcle.com Mobile Site →
Comments